Guía de trabajo para la toma de testimonios a víctimas sobrevivientes de torturas : (Record no. 9390)
[ view plain ]
| 000 -LEADER | |
|---|---|
| fixed length control field | 01089nam a22002297a 4500 |
| 007 - PHYSICAL DESCRIPTION FIXED FIELD--GENERAL INFORMATION | |
| fixed length control field | ta |
| 008 - FIXED-LENGTH DATA ELEMENTS--GENERAL INFORMATION | |
| fixed length control field | 230925b ||||| |||| 00| 0 spa d |
| 040 ## - CATALOGING SOURCE | |
| Transcribing agency | AR-FvUNAJ |
| 082 14 - DEWEY DECIMAL CLASSIFICATION NUMBER | |
| Edition number | 14a. ed. |
| Classification number | 323.4 |
| 110 2# - MAIN ENTRY--CORPORATE NAME | |
| 9 (RLIN) | 4900 |
| Corporate name or jurisdiction name as entry element | Centro de Estudios Legales y Sociales. |
| 245 10 - TITLE STATEMENT | |
| Title | Guía de trabajo para la toma de testimonios a víctimas sobrevivientes de torturas : |
| Remainder of title | proyecto persecución penal doméstica y juzgamiento de la tortura en la Argentina / |
| Statement of responsibility, etc | Centro de Estudios Legales y Sociales |
| 260 ## - PUBLICATION, DISTRIBUTION, ETC. (IMPRINT) | |
| Place of publication, distribution, etc | Buenos Aires: |
| Name of publisher, distributor, etc | CELS, |
| Date of publication, distribution, etc | 2012. |
| 300 ## - PHYSICAL DESCRIPTION | |
| Extent | 15 p. |
| 500 ## - GENERAL NOTE | |
| General note | Este documento fue elaborado por el CELS en conjunto con víctimas del terrorismo de Estado para orientar a los operadores judiciales que tienen a su cargo la toma de testimonio de personas que han padecido el delito de tortura. |
| 650 27 - SUBJECT ADDED ENTRY--TOPICAL TERM | |
| Source of heading or term | unescot |
| 9 (RLIN) | 7953 |
| Topical term or geographic name as entry element | DOCUMENTACION |
| 650 17 - SUBJECT ADDED ENTRY--TOPICAL TERM | |
| Source of heading or term | unescot |
| 9 (RLIN) | 1105 |
| Topical term or geographic name as entry element | DERECHOS HUMANOS |
| 650 27 - SUBJECT ADDED ENTRY--TOPICAL TERM | |
| Source of heading or term | unescot |
| 9 (RLIN) | 559 |
| Topical term or geographic name as entry element | DICTADURA |
| 650 27 - SUBJECT ADDED ENTRY--TOPICAL TERM | |
| Source of heading or term | unescot |
| 9 (RLIN) | 943 |
| Topical term or geographic name as entry element | HISTORIA POLITICA |
| 651 #7 - SUBJECT ADDED ENTRY--GEOGRAPHIC NAME | |
| Source of heading or term | unescot |
| 9 (RLIN) | 326 |
| Geographic name | ARGENTINA |
| 942 ## - ADDED ENTRY ELEMENTS (KOHA) | |
| Source of classification or shelving scheme | Dewey Decimal Classification |
| Item type | Libro, folleto, traducción |
| 980 ## - EQUIVALENCE OR CROSS-REFERENCE-SERIES STATEMENT--PERSONAL NAME/TITLE [LOCAL, CANADA] | |
| Linkage | 21570 |
| Personal name | Diaz Bustince |
| Field link and sequence number | 21570 |
| Miscellaneous information | Diaz Bustince |
| Withdrawn status | Lost status | Source of classification or shelving scheme | Damaged status | Not for loan | Home library | Current library | Date acquired | Source of acquisition | Total Checkouts | Full call number | Barcode | Date last seen | Price effective from | Koha item type |
|---|---|---|---|---|---|---|---|---|---|---|---|---|---|---|
| Dewey Decimal Classification | Biblioteca Central | Biblioteca Central | 25/09/2023 | Donación | 323.4 CEN | UNAJ23090339 | 25/09/2023 | 25/09/2023 | Libro, folleto, traducción |